[Event "Baku op"]
[Site "Baku"]
[Date "2012.09.25"]
[Round "4"]
[White "Zhigalko, Sergei"]
[Black "Bajarani, Ulvi"]
[Result "1-0"]
[WhiteElo "2667"]
[BlackElo "2436"]
[PlyCount "79"]
[EventDate "2012.09.22"]
[EventType "swiss"]
[EventRounds "9"]
[EventCountry "AZE"]
[SourceTitle "CBM 150 Extra"]
[Source "ChessBase"]
[SourceDate "2012.10.19"]
[SourceVersion "1"]
[SourceVersionDate "2012.10.19"]
[SourceQuality "1"]

1. e4 c5 2. Nf3 d6 3. d4 cxd4 4. Nxd4 Nf6 5. Nc3 a6 6. Be3 e5 7. Nb3 Be6 8. h3 Be7 9. Qf3 O-O 10. g4 b5 11. g5 Ne8 12. h4 Nd7 13. Nd5 Rc8 14. c3 Bxd5 15. exd5 f5 16. gxf6 Nexf6 17. Bh3 Kh8 18. Be6 Rc4 19. Qe2 g6 20. Nd2 Rc7 21. Bh6 Nb6 22. Qf3 Re8 23. Rg1 Ng8 24. Bxg8 Rxg8 25. h5 g5 26. O-O-O b4 27. Ne4 bxc3 28. b3 c2 29. Rd2 Nd7 30. Qf5 Nc5 31. Nxg5 Bf6 32. Rxc2 a5 33. Rg3 e4 34. Kd1 Qe7 35. Nxe4 Rxg3 36. fxg3 Bg7 37. Bg5 Qe8 38. h6 Qh5+ 39. Re2 Qh1+ 40. Re1 1-0

[Event "Baku op"]
[Site "Baku"]
[Date "2012.09.26"]
[Round "5"]
[White "Mammadova, Gulnar Marfat Qizi"]
[Black "Zhigalko, Sergei"]
[Result "0-1"]
[WhiteElo "2324"]
[BlackElo "2667"]
[PlyCount "86"]
[EventDate "2012.09.22"]
[EventType "swiss"]
[EventRounds "9"]
[EventCountry "AZE"]
[SourceTitle "CBM 150 Extra"]
[Source "ChessBase"]
[SourceDate "2012.10.19"]
[SourceVersion "1"]
[SourceVersionDate "2012.10.19"]
[SourceQuality "1"]

1. e4 c5 2. Nf3 e6 3. b3 b6 4. Bb2 Bb7 5. Nc3 a6 6. Be2 Nc6 7. O-O Qc7 8. Re1 Nf6 9. h3 Bd6 10. a3 O-O 11. Bd3 Ne5 12. Bf1 h6 13. d3 Nxf3+ 14. Qxf3 Bh2+ 15. Kh1 Be5 16. Rab1 Nh7 17. g3 Ng5 18. Qe2 f5 19. h4 Nh7 20. f4 Bd4 21. Bg2 g5 22. Qh5 gxf4 23. gxf4 Kh8 24. b4 Rf6 25. Bf3 fxe4 26. Bxe4 Rg8 27. bxc5 bxc5 28. Ne2 Bxe4+ 29. dxe4 Bxb2 30. Rxb2 Rxf4 31. Rb7 Rxh4+ 32. Qxh4 Qxb7 33. Nf4 Qb2 34. Qh5 Qf6 35. Nd3 Rg5 36. Qh3 Qf7 37. Rf1 Qg6 38. Rf4 Rh5 39. Rh4 Ng5 40. Ne5 Qxe4+ 41. Rxe4 Rxh3+ 42. Kg2 Nxe4 43. Kxh3 d6 0-1

[Event "Baku op"]
[Site "Baku"]
[Date "2012.09.30"]
[Round "9"]
[White "Mamedov, Rauf"]
[Black "Zhigalko, Sergei"]
[Result "1/2-1/2"]
[WhiteElo "2634"]
[BlackElo "2667"]
[PlyCount "23"]
[EventDate "2012.09.22"]
[EventType "swiss"]
[EventRounds "9"]
[EventCountry "AZE"]
[SourceTitle "CBM 150 Extra"]
[Source "ChessBase"]
[SourceDate "2012.10.19"]
[SourceVersion "1"]
[SourceVersionDate "2012.10.19"]
[SourceQuality "1"]

1. e4 e5 2. Nc3 Nf6 3. g3 Nc6 4. Bg2 Bc5 5. d3 a6 6. h3 d6 7. Nge2 O-O 8. O-O h6 9. Kh2 Re8 10. Be3 Nd4 11. f4 c6 12. Bxd4 1/2-1/2

[Event "Khanty-Mansiysk Governor Cup-A 8th"]
[Site "Khanty-Mansiysk"]
[Date "2012.11.16"]
[Round "2"]
[White "Zhigalko, Sergei"]
[Black "Dvoirys, Semen I"]
[Result "1/2-1/2"]
[WhiteElo "2682"]
[BlackElo "2534"]
[PlyCount "87"]
[EventDate "2012.11.15"]
[EventType "swiss"]
[EventRounds "9"]
[EventCountry "RUS"]
[SourceTitle "CBM 151 Extra"]
[Source "ChessBase"]
[SourceDate "2012.12.18"]
[SourceVersion "1"]
[SourceVersionDate "2012.12.18"]
[SourceQuality "1"]

1. e4 c5 2. Nf3 d6 3. d4 cxd4 4. Nxd4 Nf6 5. Nc3 a6 6. Be3 e5 7. Nb3 Be6 8. h3 Nbd7 9. g4 Rc8 10. Qd2 b5 11. O-O-O Qc7 12. Kb1 Nb6 13. g5 Nh5 14. Nd5 Bxd5 15. exd5 Nc4 16. Bxc4 bxc4 17. Na5 c3 18. Qxc3 Qxc3 19. bxc3 Rxc3 20. Rd3 Rxd3 21. cxd3 Be7 22. Kc2 Bd8 23. Nc4 Kd7 24. Rb1 Bc7 25. Rb7 Rb8 26. Ra7 Nf4 27. Bxf4 exf4 28. a4 a5 29. Nxa5 Re8 30. Nc4 Re2+ 31. Kb3 Rxf2 32. Nb6+ Kd8 33. Na8 Bb8 34. Rxf7 f3 35. Rf8+ Ke7 36. Rxb8 Rb2+ 37. Kxb2 f2 38. Rb7+ Kf8 39. g6 hxg6 40. Rb8+ Ke7 41. Rb7+ Kf6 42. Rb8 Ke7 43. Rb7+ Kf6 44. Rb8 1/2-1/2

[Event "Khanty-Mansiysk Governor Cup-A 8th"]
[Site "Khanty-Mansiysk"]
[Date "2012.11.17"]
[Round "3"]
[White "Matsenko, Sergei"]
[Black "Zhigalko, Sergei"]
[Result "1/2-1/2"]
[WhiteElo "2465"]
[BlackElo "2682"]
[PlyCount "85"]
[EventDate "2012.11.15"]
[EventType "swiss"]
[EventRounds "9"]
[EventCountry "RUS"]
[SourceTitle "CBM 151 Extra"]
[Source "ChessBase"]
[SourceDate "2012.12.18"]
[SourceVersion "1"]
[SourceVersionDate "2012.12.18"]
[SourceQuality "1"]

1. e4 c5 2. Nf3 d6 3. d4 cxd4 4. Nxd4 Nf6 5. Nc3 a6 6. g3 g6 7. Bg2 Bg7 8. O-O O-O 9. Re1 Bg4 10. Nde2 Nc6 11. h3 Bxe2 12. Nxe2 Nd7 13. c3 Rc8 14. Be3 b5 15. Qd2 Nc5 16. f4 Qc7 17. Rac1 Rfd8 18. Bf2 e6 19. Qe3 Ne7 20. g4 Na4 21. Qd2 Kh8 22. h4 e5 23. b3 Nb6 24. Qe3 Nd7 25. f5 d5 26. Ng3 dxe4 27. Nxe4 gxf5 28. gxf5 Nxf5 29. Qf3 Nh6 30. Rcd1 Nf8 31. Be3 f5 32. Rxd8 Qxd8 33. Bxh6 Bxh6 34. Qxf5 Qxh4 35. Re2 Rd8 36. Qxe5+ Bg7 37. Qf5 Ng6 38. Ng5 Rd1+ 39. Bf1 Qg3+ 40. Kh1 Qh4+ 41. Kg1 Qg3+ 42. Kh1 Qh4+ 43. Kg1 1/2-1/2

[Event "Khanty-Mansiysk Governor Cup-A 8th"]
[Site "Khanty-Mansiysk"]
[Date "2012.11.18"]
[Round "4"]
[White "Zhigalko, Sergei"]
[Black "Kabanov, Nikolai"]
[Result "1-0"]
[WhiteElo "2682"]
[BlackElo "2486"]
[PlyCount "105"]
[EventDate "2012.11.15"]
[EventType "swiss"]
[EventRounds "9"]
[EventCountry "RUS"]
[SourceTitle "CBM 151 Extra"]
[Source "ChessBase"]
[SourceDate "2012.12.18"]
[SourceVersion "1"]
[SourceVersionDate "2012.12.18"]
[SourceQuality "1"]

1. e4 e5 2. Nf3 Nc6 3. Bc4 Bc5 4. O-O Nf6 5. d3 O-O 6. Nbd2 a6 7. c3 d6 8. Bb3 Ba7 9. h3 h6 10. Re1 Re8 11. Nf1 Be6 12. Ng3 d5 13. exd5 Bxd5 14. Bc2 Qd7 15. Be3 Bxe3 16. Rxe3 Re7 17. Qe2 Rae8 18. Re1 g6 19. a4 a5 20. Qd2 Kg7 21. Nh4 Be6 22. Rf3 Nh7 23. Nh5+ gxh5 24. Rg3+ Kh8 25. Qxh6 Rg8 26. d4 f5 27. Ng6+ Rxg6 28. Rxg6 Bd5 29. Kh2 e4 30. Re3 Rg7 31. Rxg7 Qxg7 32. Qxh5 Qg5 33. Qe8+ Qg8 34. Qd7 f4 35. Re1 f3 36. g3 Nf6 37. Qxc7 Qg5 38. Qf4 Qxf4 39. gxf4 Kg7 40. Rg1+ Kf7 41. Rg5 Nd8 42. Kg3 Ne6 43. Re5 Ng7 44. Rxd5 Nxd5 45. Bxe4 Nh5+ 46. Kxf3 Ndxf4 47. Bxb7 Nd3 48. b4 axb4 49. cxb4 Nxb4 50. a5 Nc2 51. Ke4 Nf6+ 52. Kd3 Na3 53. Bc6 1-0

[Event "Khanty-Mansiysk Governor Cup-A 8th"]
[Site "Khanty-Mansiysk"]
[Date "2012.11.19"]
[Round "5"]
[White "Shimanov, Aleksandr"]
[Black "Zhigalko, Sergei"]
[Result "0-1"]
[WhiteElo "2597"]
[BlackElo "2682"]
[PlyCount "64"]
[EventDate "2012.11.15"]
[EventType "swiss"]
[EventRounds "9"]
[EventCountry "RUS"]
[SourceTitle "CBM 151 Extra"]
[Source "ChessBase"]
[SourceDate "2012.12.18"]
[SourceVersion "1"]
[SourceVersionDate "2012.12.18"]
[SourceQuality "1"]

1. d4 Nf6 2. c4 e6 3. g3 c5 4. Nf3 cxd4 5. Nxd4 Qc7 6. Nc3 a6 7. Bg2 Qxc4 8. O-O Nc6 9. Nb3 d5 10. Bf4 Qb4 11. Re1 Be7 12. e4 Nxe4 13. Rxe4 dxe4 14. Bc7 e3 15. fxe3 Bg5 16. Ne4 Bxe3+ 17. Kh1 O-O 18. Bd6 Qb6 19. Bxf8 Kxf8 20. Nd6 Ne5 21. Ne4 f5 22. Qh5 h6 23. Re1 Bd7 24. h3 Bb5 25. Kh2 Nd3 26. Nd6 Qxd6 27. Rxe3 f4 28. Rf3 Bc6 29. Rf1 Kg8 30. Bxc6 fxg3+ 31. Kg1 Qxc6 32. Qg6 Nf2 0-1

[Event "Khanty-Mansiysk Governor Cup-A 8th"]
[Site "Khanty-Mansiysk"]
[Date "2012.11.20"]
[Round "6"]
[White "Zhigalko, Sergei"]
[Black "Onischuk, Vladimir"]
[Result "0-1"]
[WhiteElo "2682"]
[BlackElo "2563"]
[PlyCount "68"]
[EventDate "2012.11.15"]
[EventType "swiss"]
[EventRounds "9"]
[EventCountry "RUS"]
[SourceTitle "CBM 151 Extra"]
[Source "ChessBase"]
[SourceDate "2012.12.18"]
[SourceVersion "1"]
[SourceVersionDate "2012.12.18"]
[SourceQuality "1"]

1. e4 d6 2. d4 Nf6 3. Nc3 g6 4. Bg5 Bg7 5. Qd2 h6 6. Bh4 O-O 7. O-O-O c6 8. f4 b5 9. Bd3 b4 10. Nce2 Qa5 11. Kb1 Nbd7 12. Nf3 Rb8 13. Ka1 c5 14. e5 Nd5 15. dxc5 Nxc5 16. Bc4 Nb6 17. Bb3 Re8 18. Ned4 Bb7 19. e6 f5 20. Rhg1 Nba4 21. Qe3 Be4 22. Nd2 Nxb3+ 23. N2xb3 Qd5 24. Rd2 Rbc8 25. g4 fxg4 26. Rxg4 Rc4 27. Rg1 Rec8 28. Re1 Bf5 29. Bxe7 Nxb2 30. Kxb2 Rxc2+ 31. Ka1 R8c3 32. Rxc2 Rxe3 33. Rc8+ Kh7 34. Rd1 Rxb3 0-1

[Event "Khanty-Mansiysk Governor Cup-A 8th"]
[Site "Khanty-Mansiysk"]
[Date "2012.11.21"]
[Round "7"]
[White "Ponkratov, Pavel"]
[Black "Zhigalko, Sergei"]
[Result "0-1"]
[WhiteElo "2589"]
[BlackElo "2682"]
[PlyCount "70"]
[EventDate "2012.11.15"]
[EventType "swiss"]
[EventRounds "9"]
[EventCountry "RUS"]
[SourceTitle "CBM 151 Extra"]
[Source "ChessBase"]
[SourceDate "2012.12.18"]
[SourceVersion "1"]
[SourceVersionDate "2012.12.18"]
[SourceQuality "1"]

1. c4 e5 2. Nc3 Nf6 3. Nf3 Nc6 4. g3 Bb4 5. Bg2 O-O 6. O-O d6 7. d3 h6 8. a3 Bxc3 9. bxc3 e4 10. Nd4 Re8 11. Rb1 Ne5 12. h3 c5 13. Nc2 exd3 14. exd3 Bf5 15. Ne1 d5 16. g4 Bh7 17. cxd5 Nxd5 18. Rxb7 Bxd3 19. Nxd3 Nxc3 20. Qd2 Qxd3 21. Kh1 c4 22. g5 hxg5 23. Qxg5 Re6 24. Bf4 Rae8 25. Qh5 g6 26. Qh6 Nd5 27. Rxa7 c3 28. Bxe5 Rxe5 29. Rd7 c2 30. Kh2 Qb5 31. Rd6 Qb8 32. Rxg6+ fxg6 33. Qxg6+ Kf8 34. f4 R5e6 35. Qxc2 Ne3 0-1

[Event "Vladimir Petrov Memorial op"]
[Site "Jurmala"]
[Date "2013.02.15"]
[Round "4"]
[White "Zhigalko, Sergei"]
[Black "Agrest, Evgenij"]
[Result "1-0"]
[WhiteElo "2656"]
[BlackElo "2599"]
[PlyCount "149"]
[EventDate "2013.02.15"]
[EventType "swiss (rapid)"]
[EventRounds "14"]
[EventCountry "LAT"]
[SourceTitle "CBM 152 Extra"]
[Source "ChessBase"]
[SourceDate "2013.02.25"]
[SourceVersion "1"]
[SourceVersionDate "2013.02.25"]
[SourceQuality "1"]

1. e4 c6 2. d4 d5 3. e5 c5 4. dxc5 Nc6 5. Nf3 e6 6. a3 Bxc5 7. b4 Bb6 8. Bb2 Nh6 9. Bd3 Bd7 10. O-O O-O 11. Nbd2 a5 12. b5 Ne7 13. a4 Ng6 14. g3 Rc8 15. Qe2 Bc5 16. Nb3 Bb4 17. Rad1 Qe7 18. Nfd4 f6 19. Nf3 f5 20. Bc1 Bc3 21. Bd2 Qb4 22. Bxc3 Rxc3 23. Nfd4 f4 24. Rfe1 Rcc8 25. Qd2 Qxd2 26. Rxd2 b6 27. Nc6 fxg3 28. hxg3 Bxc6 29. bxc6 Ne7 30. Nd4 Nxc6 31. Nxe6 Rfe8 32. Ng5 Rxe5 33. Bxh7+ Kh8 34. Rxe5 Nxe5 35. Rxd5 Nf3+ 36. Nxf3 Kxh7 37. Rd6 Nf7 38. Rxb6 Rc4 39. Rb7 Nd8 40. Rd7 Ne6 41. Rd6 Nf8 42. Ng5+ Kg8 43. Rd8 Rc6 44. Ra8 g6 45. Kg2 Kg7 46. Rxa5 Rxc2 47. Ra7+ Kh6 48. Nf7+ Kg7 49. Ne5+ Kf6 50. Rf7+ Kxe5 51. Rxf8 Ra2 52. Ra8 g5 53. Ra5+ Kf6 54. Kf3 g4+ 55. Kxg4 Rxf2 56. Rb5 Ra2 57. Rf5+ Kg6 58. Rf4 Ra3 59. Rb4 Ra1 60. Kf4 Ra3 61. g4 Ra1 62. Ke5 Rd1 63. Rd4 Ra1 64. Kd5 Kf7 65. Kc5 Ke6 66. Kb5 Ke5 67. Rb4 Kd6 68. a5 Kc7 69. Rc4+ Kb7 70. Rc5 Rg1 71. g5 Rg4 72. Rf5 Kc7 73. a6 Kb8 74. Kc6 Ka7 75. Kd6 1-0

[Event "Vladimir Petrov Memorial op"]
[Site "Jurmala"]
[Date "2013.02.16"]
[Round "5"]
[White "Dragun, Kamil"]
[Black "Zhigalko, Sergei"]
[Result "0-1"]
[WhiteElo "2492"]
[BlackElo "2656"]
[PlyCount "82"]
[EventDate "2013.02.15"]
[EventType "swiss (rapid)"]
[EventRounds "14"]
[EventCountry "LAT"]
[SourceTitle "CBM 152 Extra"]
[Source "ChessBase"]
[SourceDate "2013.02.25"]
[SourceVersion "1"]
[SourceVersionDate "2013.02.25"]
[SourceQuality "1"]

1. e4 c5 2. Nf3 d6 3. d4 cxd4 4. Nxd4 Nf6 5. Nc3 a6 6. Bg5 Nbd7 7. f4 Qc7 8. Qf3 b5 9. O-O-O Bb7 10. Bd3 g6 11. Nd5 Nxd5 12. exd5 Bg7 13. Nb3 Nb6 14. Rhe1 f6 15. Bh4 O-O 16. Kb1 Bxd5 17. Be4 Bxe4 18. Qxe4 e5 19. Bf2 Nc4 20. f5 gxf5 21. Qxf5 Qc8 22. Qh5 f5 23. Rd3 Qe6 24. Red1 Rac8 25. Rg3 Kh8 26. Rh3 h6 27. Rg3 f4 28. Rh3 Qf5 29. Qe2 Rc7 30. Rc1 Qg6 31. g4 e4 32. Bd4 f3 33. Qf2 Bxd4 34. Qxd4+ Kh7 35. g5 h5 36. Rh4 Re7 37. Rf1 e3 38. Qg4 e2 39. Rxh5+ Kg8 40. Rc1 e1=Q 41. Qh4 Qxh4 0-1

[Event "Vladimir Petrov Memorial op"]
[Site "Jurmala"]
[Date "2013.02.16"]
[Round "7"]
[White "Zhigalko, Sergei"]
[Black "Shirov, Alexei"]
[Result "1-0"]
[WhiteElo "2656"]
[BlackElo "2709"]
[PlyCount "57"]
[EventDate "2013.02.15"]
[EventType "swiss (rapid)"]
[EventRounds "14"]
[EventCountry "LAT"]
[SourceTitle "CBM 152 Extra"]
[Source "ChessBase"]
[SourceDate "2013.02.25"]
[SourceVersion "1"]
[SourceVersionDate "2013.02.25"]
[SourceQuality "1"]

1. e4 c5 2. Nf3 d6 3. d4 cxd4 4. Qxd4 Nc6 5. Bb5 Bd7 6. Bxc6 Bxc6 7. Nc3 Nf6 8. Bg5 e6 9. O-O-O Be7 10. Rhe1 O-O 11. Kb1 Qa5 12. Qd2 Qa6 13. Nd4 b5 14. f3 Rfc8 15. g4 Be8 16. Nce2 Rc4 17. b3 Rc7 18. Ng3 Rac8 19. Rc1 Rc3 20. Nh5 b4 21. Nxg7 Qa3 22. Nxe8 R8c5 23. Nxf6+ Bxf6 24. Bxf6 Ra5 25. Qg5+ Rxg5 26. Bxg5 Rc5 27. Bd8 Kf8 28. Re2 Ke8 29. Bf6 1-0

[Event "Vladimir Petrov Memorial op"]
[Site "Jurmala"]
[Date "2013.02.16"]
[Round "8"]
[White "Zhigalko, Sergei"]
[Black "Wojtaszek, Radoslaw"]
[Result "1/2-1/2"]
[WhiteElo "2656"]
[BlackElo "2710"]
[PlyCount "118"]
[EventDate "2013.02.15"]
[EventType "swiss (rapid)"]
[EventRounds "14"]
[EventCountry "LAT"]
[SourceTitle "CBM 152 Extra"]
[Source "ChessBase"]
[SourceDate "2013.02.25"]
[SourceVersion "1"]
[SourceVersionDate "2013.02.25"]
[SourceQuality "1"]

1. e4 c5 2. Nf3 d6 3. d4 cxd4 4. Qxd4 a6 5. Bc4 Nc6 6. Qd3 e6 7. Nc3 Be7 8. Bb3 Nf6 9. Bg5 b5 10. O-O-O Bb7 11. Bxf6 Bxf6 12. Qxd6 Qxd6 13. Rxd6 Ke7 14. Rhd1 Rhd8 15. Rxd8 Rxd8 16. Rxd8 Kxd8 17. Ne1 Kc7 18. f3 Be5 19. h3 Nd4 20. Nd3 Bf6 21. Kd2 a5 22. a3 Kb6 23. Ne2 Nc6 24. c3 Ba6 25. f4 Bb7 26. Ke3 h5 27. g4 hxg4 28. hxg4 g6 29. g5 Be7 30. Nd4 Nd8 31. Ne5 Bc8 32. Ba2 b4 33. Nc4+ Ka6 34. cxb4 axb4 35. a4 Bd7 36. b3 Bc5 37. Ne5 Be8 38. Nd3 Be7 39. Bb1 Nb7 40. Ne5 Kb6 41. Bd3 Bc5 42. Bb5 Bxb5 43. axb5 Bxd4+ 44. Kxd4 Kxb5 45. Nxf7 Nc5 46. Ke3 Nxb3 47. f5 exf5 48. exf5 Nc5 49. fxg6 Ne6 50. Nd6+ Ka4 51. Ke4 b3 52. Nc4 Kb4 53. Nd2 b2 54. Ke5 Ng7 55. Kf6 Nh5+ 56. Kf7 Kc3 57. Nb1+ Kc2 58. Na3+ Kb3 59. Nb1 Kc2 1/2-1/2

[Event "Vladimir Petrov Memorial op"]
[Site "Jurmala"]
[Date "2013.02.16"]
[Round "10"]
[White "Zhigalko, Sergei"]
[Black "Kulaots, Kaido"]
[Result "1/2-1/2"]
[WhiteElo "2656"]
[BlackElo "2582"]
[PlyCount "72"]
[EventDate "2013.02.15"]
[EventType "swiss (rapid)"]
[EventRounds "14"]
[EventCountry "LAT"]
[SourceTitle "CBM 152 Extra"]
[Source "ChessBase"]
[SourceDate "2013.02.25"]
[SourceVersion "1"]
[SourceVersionDate "2013.02.25"]
[SourceQuality "1"]

1. e4 c5 2. Nf3 d6 3. d4 cxd4 4. Qxd4 Nc6 5. Bb5 Bd7 6. Bxc6 Bxc6 7. Nc3 Nf6 8. Bg5 e6 9. O-O-O Be7 10. Rhe1 O-O 11. Kb1 Qc7 12. Qd2 Rfd8 13. Nd4 Rab8 14. f3 b5 15. g4 b4 16. Nce2 Ba8 17. Ng3 a5 18. h4 a4 19. Rg1 Rdc8 20. Rg2 Ne8 21. Bxe7 Qxe7 22. g5 g6 23. h5 e5 24. Ndf5 Qc7 25. hxg6 fxg6 26. Nh6+ Kh8 27. Rh2 b3 28. cxb3 axb3 29. Rdh1 d5 30. Ng4 Qc2+ 31. Qxc2 bxc2+ 32. Kc1 h5 33. Nxh5 gxh5 34. Rxh5+ Kg7 35. Nxe5 Nd6 36. Rh7+ Kf8 1/2-1/2

[Event "Vladimir Petrov Memorial op"]
[Site "Jurmala"]
[Date "2013.02.17"]
[Round "12"]
[White "Ehlvest, Jaan"]
[Black "Zhigalko, Sergei"]
[Result "1-0"]
[WhiteElo "2613"]
[BlackElo "2656"]
[PlyCount "91"]
[EventDate "2013.02.15"]
[EventType "swiss (rapid)"]
[EventRounds "14"]
[EventCountry "LAT"]
[SourceTitle "CBM 152 Extra"]
[Source "ChessBase"]
[SourceDate "2013.02.25"]
[SourceVersion "1"]
[SourceVersionDate "2013.02.25"]
[SourceQuality "1"]

1. d4 Nf6 2. Nf3 e6 3. c4 b6 4. e3 Bb7 5. Bd3 d5 6. Nc3 Bd6 7. O-O O-O 8. b3 Nbd7 9. Bb2 a6 10. Rc1 Qe7 11. Rc2 Rfe8 12. cxd5 exd5 13. Ne2 Ne4 14. Ng3 g6 15. Qe2 f5 16. Rfc1 c5 17. Qf1 h6 18. Ne2 Kh7 19. Rd1 Qf7 20. Nc3 g5 21. Be2 Kg8 22. dxc5 Nxc3 23. cxd6 Nxd1 24. Qxd1 Rac8 25. Qd4 Kh7 26. Bd3 Re4 27. Bxe4 dxe4 28. Rxc8 Bxc8 29. Qh8+ Kg6 30. Nxg5 hxg5 31. Qxc8 f4 32. h3 fxe3 33. fxe3 Nc5 34. Qc7 Nd7 35. Qc3 b5 36. Qh8 Kf5 37. Bd4 g4 38. hxg4+ Kxg4 39. Qh3+ Kg5 40. Qg3+ Kh5 41. a4 b4 42. a5 Nf8 43. Be5 Ng6 44. Qh3+ Kg5 45. d7 Qd5 46. Bc7 1-0

[Event "Vladimir Petrov Memorial op"]
[Site "Jurmala"]
[Date "2013.02.17"]
[Round "13"]
[White "Zhigalko, Sergei"]
[Black "Fier, Alexandr"]
[Result "1/2-1/2"]
[WhiteElo "2656"]
[BlackElo "2577"]
[PlyCount "109"]
[EventDate "2013.02.15"]
[EventType "swiss (rapid)"]
[EventRounds "14"]
[EventCountry "LAT"]
[SourceTitle "CBM 152 Extra"]
[Source "ChessBase"]
[SourceDate "2013.02.25"]
[SourceVersion "1"]
[SourceVersionDate "2013.02.25"]
[SourceQuality "1"]

1. e4 c5 2. Nf3 a6 3. c3 d5 4. exd5 Nf6 5. d4 cxd4 6. c4 e6 7. dxe6 Bxe6 8. Bd3 Nc6 9. O-O Be7 10. h3 h6 11. a3 a5 12. b3 Nd7 13. Be4 Nde5 14. Nxe5 Nxe5 15. Bf4 Nc6 16. Nd2 Bf6 17. Qf3 Rc8 18. Rfe1 O-O 19. Rad1 Qe7 20. Bb1 Bg5 21. Bg3 Bxd2 22. Rxd2 Qf6 23. Qxf6 gxf6 24. Bh4 Kg7 25. f4 a4 26. Rd3 f5 27. bxa4 Rg8 28. Kh2 Kf8 29. c5 Ra8 30. Bc2 Ra5 31. Bb3 Rg6 32. Rc1 Bxb3 33. Rxb3 Rxa4 34. Bf2 Re6 35. Rc2 Re7 36. g3 Kg7 37. Kg2 h5 38. Rcb2 Rc4 39. Rxb7 Rxb7 40. Rxb7 Rxc5 41. Rb3 Rc2 42. Kf3 Kf8 43. Rd3 Rc4 44. g4 hxg4+ 45. hxg4 fxg4+ 46. Kxg4 Ke7 47. Kf5 Rc5+ 48. Ke4 f5+ 49. Kf3 Rc4 50. Ke2 Ke6 51. Rb3 Kd5 52. Kd3 Ra4 53. Rb5+ Ke6 54. Rb3 Kd6 55. Be1 1/2-1/2

[Event "Nakhchivan op"]
[Site "Nakhchivan"]
[Date "2013.04.22"]
[Round "1"]
[White "Babayev, Talib"]
[Black "Zhigalko, Sergei"]
[Result "0-1"]
[WhiteElo "2405"]
[BlackElo "2656"]
[PlyCount "58"]
[EventDate "2013.04.22"]
[EventType "swiss"]
[EventRounds "9"]
[EventCountry "AZE"]
[SourceTitle "CBM 154 Extra"]
[Source "ChessBase"]
[SourceDate "2013.06.25"]
[SourceVersion "2"]
[SourceVersionDate "2013.06.25"]
[SourceQuality "1"]

1. e4 c5 2. Nf3 d6 3. d4 cxd4 4. Nxd4 Nf6 5. Nc3 a6 6. Bg5 Nbd7 7. f4 Qc7 8. Qf3 b5 9. O-O-O Bb7 10. Bd3 g6 11. Nd5 Nxd5 12. exd5 Bg7 13. Rhe1 Nf6 14. f5 Bxd5 15. Nxb5 axb5 16. Bxb5+ Kf8 17. Rxd5 Rxa2 18. c3 Ra1+ 19. Kd2 Ra2 20. Kc1 Qa5 21. Bxf6 Ra1+ 22. Kd2 Bxf6 23. Bc4 Qa7 24. fxg6 hxg6 25. Rxd6 Rxe1 26. Ra6 Qg1 27. Rxf6 exf6 28. Qxf6 Qe3+ 29. Kc2 Rh7 0-1

[Event "Nakhchivan op"]
[Site "Nakhchivan"]
[Date "2013.04.23"]
[Round "2"]
[White "Zhigalko, Sergei"]
[Black "Gupta, Abhijeet"]
[Result "1/2-1/2"]
[WhiteElo "2656"]
[BlackElo "2591"]
[PlyCount "67"]
[EventDate "2013.04.22"]
[EventType "swiss"]
[EventRounds "9"]
[EventCountry "AZE"]
[SourceTitle "CBM 154 Extra"]
[Source "ChessBase"]
[SourceDate "2013.06.25"]
[SourceVersion "2"]
[SourceVersionDate "2013.06.25"]
[SourceQuality "1"]

1. e4 e5 2. Nf3 Nc6 3. Bc4 Bc5 4. O-O Nf6 5. d3 O-O 6. Nbd2 d6 7. c3 a6 8. Bb3 Ba7 9. h3 h6 10. Re1 Re8 11. Nf1 Be6 12. N3h2 d5 13. Qf3 dxe4 14. dxe4 Nh7 15. Qg3 Bxb3 16. axb3 Re6 17. h4 Rg6 18. Qh3 Qc8 19. Qxc8+ Rxc8 20. Be3 Rd8 21. Bxa7 Nxa7 22. Ne3 Re6 23. Rad1 Rxd1 24. Rxd1 Rd6 25. Rxd6 cxd6 26. Nd5 g6 27. h5 Kg7 28. Ng4 Nc8 29. Kh2 gxh5 30. Nge3 Nf6 31. Nf5+ Kg6 32. Nh4+ Kg7 33. Nf5+ Kg6 34. Nh4+ 1/2-1/2

[Event "Nakhchivan op"]
[Site "Nakhchivan"]
[Date "2013.04.24"]
[Round "3"]
[White "Rasulov, Vugar Ural Oglu"]
[Black "Zhigalko, Sergei"]
[Result "0-1"]
[WhiteElo "2497"]
[BlackElo "2656"]
[PlyCount "66"]
[EventDate "2013.04.22"]
[EventType "swiss"]
[EventRounds "9"]
[EventCountry "AZE"]
[SourceTitle "CBM 154 Extra"]
[Source "ChessBase"]
[SourceDate "2013.06.25"]
[SourceVersion "2"]
[SourceVersionDate "2013.06.25"]
[SourceQuality "1"]

1. e4 c5 2. Nf3 d6 3. d4 cxd4 4. Nxd4 Nf6 5. Nc3 a6 6. Bg5 e6 7. f4 h6 8. Bh4 Qb6 9. a3 Be7 10. Bf2 Qc7 11. Qf3 Nbd7 12. O-O-O b5 13. Bd3 Bb7 14. Rhe1 Nc5 15. Kb1 Rc8 16. Qh3 O-O 17. Bh4 Qd8 18. g3 Re8 19. Re2 Ba8 20. Nb3 Na4 21. Na2 Nd7 22. c3 Ndb6 23. Nd4 Nc4 24. Rf1 Nc5 25. Bc2 Bxe4 26. f5 Bxh4 27. gxh4 exf5 28. Bxe4 Nxe4 29. Rxf5 Ned2+ 30. Kc2 Rxe2 31. Nxe2 Qe8 32. Qd3 Ne4 33. Qd4 Qe6 0-1

[Event "Nakhchivan op"]
[Site "Nakhchivan"]
[Date "2013.04.26"]
[Round "5"]
[White "Guseinov, Gadir"]
[Black "Zhigalko, Sergei"]
[Result "1/2-1/2"]
[WhiteElo "2623"]
[BlackElo "2656"]
[PlyCount "33"]
[EventDate "2013.04.22"]
[EventType "swiss"]
[EventRounds "9"]
[EventCountry "AZE"]
[SourceTitle "CBM 154 Extra"]
[Source "ChessBase"]
[SourceDate "2013.06.25"]
[SourceVersion "2"]
[SourceVersionDate "2013.06.25"]
[SourceQuality "1"]

1. e4 c5 2. Nc3 Nc6 3. g3 g6 4. Bg2 Bg7 5. d3 d6 6. f4 e6 7. Nf3 Nge7 8. O-O O-O 9. Be3 Nd4 10. Qd2 Rb8 11. Nd1 b5 12. c3 Nxf3+ 13. Bxf3 b4 14. c4 Nc6 15. Bg2 Nd4 16. Bf2 a5 17. Ne3 1/2-1/2